000
00281nam a22001217a 4500
008
260210b ||||| |||| 00| 0 eng d
041
_a
eng
080
_a
001
100
_a
20
101
_a
ital
245
_a
Students Book Profile 1
_c
Jon Naunton , Mark Tulip
942
_2
udc
_c
BK
999
_c
60760
_d
60760